Co to za kolęda? - Statystyki

Ogólne statystyki
  • Ten quiz został rozwiązany 450 razy
  • Średni wynik to 7 z 16
Statystyki odpowiedzi
Fragment Nazwa kolędy % Poprawnych
A u Żłóbka Matka Święta.... Cicha Noc
79%
Króle witają, pasterze śpiewają Dzisiaj w Betlejem
77%
Utulże zemdlone, płaczem powieczki Lulajże Jezuniu
75%
Ogień krzepnie, blask ciemnieje! Bóg się rodzi
74%
Oddawali swe ukłony w pokorze! Przybieżeli do Betlejem
68%
Wstańcie Pasterze... Bóg się wam Rodzi! Wśród Nocnej Ciszy
54%
Gloria! Gloria! Gloria! Gdy się Chrystus rodzi
47%
Płacze z zimna, nie dała mu Matula sukienki... Jezus Malusieńki
47%
Raz z Ojca przed wieków wiekiem! Pójdźmy wszyscy do Stajenki
44%
Cy nie lepiej by Tobie, by Tobie... Oj, maluśki, maluśki
40%
Wszystko stworzenie, śpiewaj Panu swemu Gdy Śliczna Panna
35%
Jemu wdzięcznie przygrywajcie... W żłobie leży
35%
Powiedzcież nam, Trzej Królowie Mędrcy Świata, monarchowie
26%
Narodził się Bóg Dziecina! W Betlejem... Gore Gwiazda Jezusowi
21%
A komu takiemu? Dzieciątku małemu! Skrzypi wóz
14%
Rzućmy budy, warty, stada! Bracie, patrzcie jeno
4%
Nie znaleziono quizów pasujących do podanych kryteriów
Rozkład punktacji
Procent ludzi z każdym wynikiem
Percentyl według liczby udzielonych odpowiedzi
Twoja historia wyników
Nie rozwiązałeś tego quizu